Variables associated with attitudes toward one's own aging process /

Bibliographic Details
Main Author: Telljohann, Susan Kay, 1958-
Format: Thesis Microform Book
Language:English
Published: [Place of publication not identified] : [publisher not identified] ; 1987.
Subjects:

MARC

Tag First Indicator Second Indicator Subfields
LEADER 00000cam a2200000 a 4500
001 in00000035160
005 20151007055317.0
007 he bmb|||||||
008 880129r19871987oru bb 00010 eng d
035 |a (OCoLC)17410701 
035 |9 AAB7864AM 
040 |a ORU  |c INT  |d INT  |d HPE  |d TXA  |d UtOrBLW 
049 |a TXAI 
099 |a fiche  |a C  |a 10490 
100 1 |a Telljohann, Susan Kay,  |d 1958- 
245 1 0 |a Variables associated with attitudes toward one's own aging process /  |c by Susan Kay Telljohann. 
264 1 |a [Place of publication not identified] :  |b [publisher not identified] ;  |c 1987. 
300 |a viii, 104 leaves. 
336 |a text  |b txt  |2 rdacontent 
337 |a microform  |b h  |2 rdamedia 
338 |a microfiche  |b he  |2 rdacarrier 
502 |b H.S.D.  |c Indiana University  |d 1987. 
500 |a Vita. 
504 |a Bibliography: leaves 80-84. 
533 |a Microfiche.  |b Eugene :  |c Microform Publications, College of Human Development and Performance, University of Oregon,  |d 1987.  |e 2 microfiches : negative ; 11 x 15 cm. 
500 |a Microform. 
650 0 |a Aging  |x Psychological aspects. 
650 0 |a Sex differences (Psychology) 
650 0 |a Attitude (Psychology) 
999 |a MARS 
999 f f |s 7d4807ac-92e3-3c2a-8da5-eace05e921b6  |i 5d4c945f-5562-39e9-969d-7a26940a3821  |t 0 
952 f f |p default  |a Texas A&M University  |b College Station  |c Sterling C. Evans Library  |d Evans: Microforms (3rd floor)  |t 0  |e fiche C 10490  |h Other scheme  |i microform -- microfiche 
998 f f |a fiche C 10490  |t 0  |l Evans: Microforms (3rd floor)